| 000 | 01164cam a22002531i 4500 | ||
|---|---|---|---|
| 003 | SA-RiAUC | ||
| 005 | 20251021072921.0 | ||
| 008 | 251020s2012 ua g 00010 ara c | ||
| 040 |
_aSA-RiAUC _bara _cSA-RiAUC _erda |
||
| 082 | 0 | 4 |
_a189.1 _qSA-RiAUC |
| 090 |
_a189.1 _bا ب ن ر |
||
| 100 | 1 |
_aابن رشد، محمد بن أحمد بن محمد (الحفيد)، _d520-595 هجري _eمؤلف. |
|
| 245 | 1 | 0 |
_aفصل المقال فيما بين الشريعة والحكمة من الاتصال / _cمحمد بن أحمد بن محمد أبو الوليد بن رشد ؛ تحقيق محمد عمارة. |
| 264 | 1 |
_aالقاهرة ؛ _aالإسكندرية، مصر : _bدار السلام للطباعة والنشر والتوزيع والترجمة، _c2012 |
|
| 300 |
_a152 صفحة ؛ _c20 × 12 سم |
||
| 336 |
_aنص _btxt _2rdacontent _3كتاب |
||
| 337 |
_aبدون وسيط _bn _2rdamedia |
||
| 338 |
_aمجلد _bnc _2rdacarrier |
||
| 500 | _aغلاف. | ||
| 650 | 7 |
_aالفلسفة الإسلامية _2aucsh |
|
| 700 | 1 |
_aعمارة، محمد، _d1931-2020 _eمحقق. |
|
| 942 |
_2ddc _cBOOK _n0 |
||
| 949 |
_aSA-JeALM _d251020 _umohamedma123 _n1 |
||
| 999 |
_c12663 _d12663 |
||